| 000 | 00441nam a22001697a 4500 | ||
|---|---|---|---|
| 003 | CEME | ||
| 005 | 20210628202103.0 | ||
| 008 | 210419b xxu||||| |||| 00| 0 eng d | ||
| 040 | _c. | ||
| 082 | _a621.3192 LIN'N | ||
| 100 |
_aNational Semiconductor Corporation _958223 |
||
| 245 | _aLinear integrated circuits | ||
| 260 |
_aWEST GERMANY _bNSC _c1972 |
||
| 300 | _a468P | ||
| 650 |
_aLINEAR INTEGRATED CIRCUITS _955531 |
||
| 942 |
_cBK _2ddc |
||
| 999 |
_c568422 _d568422 |
||